Việt Nam văn minh sử Lược khảo T. Thượng Từ nguồn gốc đến thế kỷ thứ X. - Thư mục: tr. 365-367

Giới thiệu lịch sử nền văn minh Việt Nam với 4 phần chính: văn minh Văn Lang ( từ nguồn gốc đến cuối đời vua Hùng), văn minh Lạc Việt (từ nhà Thục đến trận Bạch Đằng của Ngô Quyền), văn minh Đại Việt (từ thế kỷ X đến hết nhà Lê), văn minh Việt Nam (tử nhà Nguyễn (1802) đến hiện đại)....

Descrizione completa

Salvato in:
Dettagli Bibliografici
Autore principale: Lê Văn Siêu
Altri autori: Nguyễn Đào Hùng (h.đ.)
Natura: Libro
Lingua:Vietnamese
Pubblicazione: H. Lao động 2003
Serie:Khoa học thường thức dành cho người lao động
Soggetti:
Tags: Aggiungi Tag
Nessun Tag, puoi essere il primo ad aggiungerne! !
Thư viện lưu trữ: Mạng thư viện Đại học Đà Nẵng
LEADER 01844nam a22003978a 4500
001 000009806
003 6004
005 20120528090536.0
008 111103s2003 viesd
020 |c 55000đ  |d 1000b 
041 0 |a vie 
082 |a 959.701  |b LÊ-S 
084 |a P3(1) 
100 1 |a Lê Văn Siêu 
245 1 0 |a Việt Nam văn minh sử  |b Lược khảo  |c Lê Văn Siêu ; H.đ: Nguyễn Hào Hùng  |n T. Thượng  |p Từ nguồn gốc đến thế kỷ thứ X. - Thư mục: tr. 365-367 
260 |a H.  |b Lao động  |c 2003 
300 |a 367tr.  |b hình vẽ  |c 24cm 
490 |a Khoa học thường thức dành cho người lao động 
505 |a T. Thượng: Từ nguồn gốc đến thế kỷ thứ X. - Thư mục: tr. 365-367 
520 |a Giới thiệu lịch sử nền văn minh Việt Nam với 4 phần chính: văn minh Văn Lang ( từ nguồn gốc đến cuối đời vua Hùng), văn minh Lạc Việt (từ nhà Thục đến trận Bạch Đằng của Ngô Quyền), văn minh Đại Việt (từ thế kỷ X đến hết nhà Lê), văn minh Việt Nam (tử nhà Nguyễn (1802) đến hiện đại). 
650 7 |2 Bộ TKTVQG  |a Lịch sử 
650 7 |a Văn minh 
650 7 |a Việt Nam 
700 0 |a Nguyễn Đào Hùng  |e h.đ. 
773 |t Việt Nam văn minh sử  |w 6005 
910 |a Nguyễn Thị Kim Oanh  |d 3/11/2011 
OWN |a LSP 
AVA |a UDN50  |b LSP  |d 959.701 LÊ-S  |e available  |t Error 5001 Not defined in file expand_doc_bib_avail.  |f 8  |g 0  |h N  |i 0  |k 1 
999 |a From the UDN01 
AVA |a UDN50  |b LSP  |d 959.701 LÊ-S  |e available  |t Error 5001 Not defined in file expand_doc_bib_avail.  |f 8  |g 0  |h N  |i 0  |k 1 
TYP |a Monograph 
TYP |a Printed language 
980 |a Mạng thư viện Đại học Đà Nẵng